Profeta non sarò (Record n. 100060)

Dettagli MARC
000 -LEADER
fixed length control field 03818njm a2200577Ia 4500
001 - CONTROL NUMBER
control field 25656
003 - CONTROL NUMBER IDENTIFIER
control field IT-RoPAU
005 - DATE AND TIME OF LATEST TRANSACTION
control field 20220918181125.0
008 - FIXED-LENGTH DATA ELEMENTS--GENERAL INFORMATION
fixed length control field 131025s9999 xx 000 0 und d
040 ## - CATALOGING SOURCE
Original cataloging agency IT-RoPAU
040 ## - CATALOGING SOURCE
Transcribing agency IT-RoPAU
041 ## - LANGUAGE CODE
Language code of text/sound track or separate title ITALIANO
999 ## - SYSTEM CONTROL NUMBERS (KOHA)
Koha Dewey Subclass [OBSOLETE] n.d.
100 ## - MAIN ENTRY--PERSONAL NAME
Personal name AA.VV.
9 (RLIN) 794
100 ## - MAIN ENTRY--PERSONAL NAME
Relator term Autore musica
9 (RLIN) 13101
100 ## - MAIN ENTRY--PERSONAL NAME
Miscellaneous information Codice autore musica SPICS: 12000
9 (RLIN) 796
245 ## - TITLE STATEMENT
Title Profeta non sarò
250 ## - EDITION STATEMENT
Edition statement 1a ed.
260 ## - PUBLICATION, DISTRIBUTION, ETC. (IMPRINT)
Place of publication, distribution, etc. ITALIA
260 ## - PUBLICATION, DISTRIBUTION, ETC. (IMPRINT)
Name of publisher, distributor, etc. PHILIPS
Date of publication, distribution, etc. 1980 [1a Ed.:1980]
300 ## - PHYSICAL DESCRIPTION
Extent DISCO
300 ## - PHYSICAL DESCRIPTION
Dimensions 46 minuti (Testo: pag.)
500 ## - GENERAL NOTE
General note Canzone italiana. Musica leggera. Canzone sentimentale
505 ## - FORMATTED CONTENTS NOTE
Formatted contents note Profeta non sarò [(Because) (5:00)] - Dolce veleno (4:00) - Romantica (6:00) - Il tocco dell'amore (4:00) - Dieci anni fa (5:00) - Il mago (4:00) - Forever and Ever (4:00) - I Dig You (5:00) - Feel Like I'll Never Feel This Way Again (4:00) - Good Bye My Love Good Bye (4:00) - Someday Somewhere (3:00) - We Shall Dance (4:00)
650 ## - SUBJECT ADDED ENTRY--TOPICAL TERM
Topical term or geographic name as entry element CANZONE ITALIAN [DISCHI]
Relator term Codice MATERIA SPICS: 9950
9 (RLIN) 13102
700 ## - ADDED ENTRY--PERSONAL NAME
Personal name Roussos Demis
Miscellaneous information Codice interprete SPICS: 11129
Relator term Interprete
9 (RLIN) 13103
700 ## - ADDED ENTRY--PERSONAL NAME
Personal name Papathanassiou V.
Miscellaneous information Codice autore musica SPICS: 15603
Relator term Autore musica
Name of part/section of a work Profeta non sarò (Because)
9 (RLIN) 13104
700 ## - ADDED ENTRY--PERSONAL NAME
Personal name Daphne
Miscellaneous information Codice autore SPICS: 27736
Relator term Autore
Name of part/section of a work Profeta non sarò (Because)
9 (RLIN) 13105
700 ## - ADDED ENTRY--PERSONAL NAME
Personal name Costandinos Alec R.
Miscellaneous information Codice autore testo/musica SPICS: 14446
Relator term Autore testo/musica
Name of part/section of a work Profeta non sarò (Because) - Dolce veleno - Forever and Ever - Someday Somewhere
9 (RLIN) 13106
700 ## - ADDED ENTRY--PERSONAL NAME
Personal name Luberti Marco
Miscellaneous information Codice autore musica SPICS: 23581
Relator term Autore musica
Name of part/section of a work Dolce veleno
9 (RLIN) 13107
700 ## - ADDED ENTRY--PERSONAL NAME
Personal name Barbelivien Didier
Miscellaneous information Codice autore testo/musica SPICS: 11322
Relator term Autore testo/musica
Name of part/section of a work Dolce veleno - Romantica
9 (RLIN) 13108
700 ## - ADDED ENTRY--PERSONAL NAME
Personal name Malgioglio Cristiano
Miscellaneous information Codice autore musica SPICS: 23125
Relator term Autore musica
Name of part/section of a work Romantica
9 (RLIN) 13109
700 ## - ADDED ENTRY--PERSONAL NAME
Personal name Greco Larry
Miscellaneous information Codice autore testo/musica SPICS: 27737
Relator term Autore testo/musica
Name of part/section of a work Romantica
9 (RLIN) 13110
700 ## - ADDED ENTRY--PERSONAL NAME
Personal name Daiano Fontana Claudio
Miscellaneous information Codice autore musica SPICS: 14335
Relator term Autore musica
Name of part/section of a work Il tocco dell'amore - Dieci anni fa
9 (RLIN) 13111
700 ## - ADDED ENTRY--PERSONAL NAME
Personal name Hill Dan
Miscellaneous information Codice autore testo/musica SPICS: 27738
Relator term Autore testo/musica
Name of part/section of a work Il tocco dell'amore
9 (RLIN) 13112
700 ## - ADDED ENTRY--PERSONAL NAME
Personal name Billon Pierre
Miscellaneous information Codice autore SPICS: 27739
Relator term Autore
Name of part/section of a work Dieci anni fa
9 (RLIN) 13113
700 ## - ADDED ENTRY--PERSONAL NAME
Personal name Revaux Jacques
Miscellaneous information Codice autore testo/musica SPICS: 23744
Relator term Autore testo/musica
Name of part/section of a work Dieci anni fa
9 (RLIN) 13114
700 ## - ADDED ENTRY--PERSONAL NAME
Personal name Bardotti Sergio
Miscellaneous information Codice autore musica SPICS: 13862
Relator term Autore musica
Name of part/section of a work Il mago
9 (RLIN) 13115
700 ## - ADDED ENTRY--PERSONAL NAME
Personal name Jouveaux Michel
Miscellaneous information Codice autore SPICS: 27740
Relator term Autore
Name of part/section of a work Il mago
9 (RLIN) 13116
700 ## - ADDED ENTRY--PERSONAL NAME
Personal name Barnell Jeff
Miscellaneous information Codice autore testo/musica SPICS: 27741
Relator term Autore testo/musica
Name of part/section of a work Il mago
9 (RLIN) 13117
700 ## - ADDED ENTRY--PERSONAL NAME
Personal name Vlavianos S.
Miscellaneous information Codice autore testo/musica SPICS: 14445
Relator term Autore testo/musica
Name of part/section of a work Forever and Ever - I Dig You - Someday Somewhere
9 (RLIN) 13118
700 ## - ADDED ENTRY--PERSONAL NAME
Personal name Fitoussi R.
Miscellaneous information Codice autore musica SPICS: 27743
Relator term Autore musica
Name of part/section of a work I Dig You
9 (RLIN) 13119
700 ## - ADDED ENTRY--PERSONAL NAME
Personal name Case Jim
Miscellaneous information Codice autore musica SPICS: 27744
Relator term Autore musica
Name of part/section of a work Feel Like I'll Never Feel This Way Again
9 (RLIN) 13120
700 ## - ADDED ENTRY--PERSONAL NAME
Personal name Prewitt Joe
Miscellaneous information Codice autore testo/musica SPICS: 27745
Relator term Autore testo/musica
Name of part/section of a work Feel Like I'll Never Feel This Way Again
9 (RLIN) 13121
700 ## - ADDED ENTRY--PERSONAL NAME
Personal name Lloyd Jack
Miscellaneous information Codice autore musica SPICS: 27746
Relator term Autore musica
Name of part/section of a work Good Bye My Love Good Bye
9 (RLIN) 13122
700 ## - ADDED ENTRY--PERSONAL NAME
Personal name Munro Klaus
Miscellaneous information Codice autore SPICS: 27561
Relator term Autore
Name of part/section of a work Good Bye My Love Good Bye
9 (RLIN) 13123
700 ## - ADDED ENTRY--PERSONAL NAME
Personal name Panas M.
Miscellaneous information Codice autore testo/musica SPICS: 27747
Relator term Autore testo/musica
Name of part/section of a work Good Bye My Love Good Bye
9 (RLIN) 13124
700 ## - ADDED ENTRY--PERSONAL NAME
Personal name Bergman Boris
Miscellaneous information Codice autore musica SPICS: 15511
Relator term Autore musica
Name of part/section of a work We Shall Dance
9 (RLIN) 13125
700 ## - ADDED ENTRY--PERSONAL NAME
Personal name Roussos A.V.
Miscellaneous information Codice autore testo/musica SPICS: 15573
Relator term Autore testo/musica
Name of part/section of a work We Shall Dance
9 (RLIN) 13126
942 ## - ADDED ENTRY ELEMENTS (KOHA)
Koha item type DISCHI
Source of classification or shelving scheme Dewey Decimal Classification
Dati di copia
Withdrawn status Lost status Damaged status Not for loan Home library Current library Date acquired Total Checkouts Full call number Date last seen Price effective from Koha item type Public note
    Buone Condizioni Not For Loan SPICS-MEDIATECA SPICS-MEDIATECA 25/10/2013   25656 25/10/2013 25/10/2013 DISCHI Progr. Ins.: 5530 / N.Vol.: 1 / Copie: 1 - Copia rara: n.d. / date import: 01.01.2014 - By Epidotti, Trombetti, Vaglietti
CREDITS: SOCIETA' SAN PAOLO Via A.Severo, 58 - ROMA (RM) & PERIODICI SAN PAOLO SRL Via Giotto, 36 MILANO & CISF Via Giotto, 36 MILANO & EDIZIONI SAN PAOLO SRL,  Piazza Soncino, 5 CINISELLO BALSAMO (MI) -- ITALY